| 000 | 00368cam a2200157ua 4500 | ||
|---|---|---|---|
| 041 |
_aeng _h |
||
| 082 |
_a828.09 _bSIS/SH |
||
| 100 | _aSisson, C J . | ||
| 245 |
_aShakespeare / _cC J Sisson. _hTextual Documents |
||
| 250 |
_a1 / _b. |
||
| 260 |
_aLondon : _bLongman Green and Co , _c1962. |
||
| 300 | _a51 ; . | ||
| 504 | _a | ||
| 942 | _cBK | ||
| 999 |
_c8622 _d8622 |
||